000 00669nam a2200265Ia 4500
005 20260121170419.0
008 008 260114s9999 xx 000 0 eng d
020 _a9789811075285
037 _aEBOOK
040 _aCRL
040 _beng
040 _cCRL
041 _2eng
041 _aeng
084 _qCRL
100 _aIsabel Pefianco Martin
_91063587
245 0 _aReconceptualizing English Education in a Multilingual Society
260 _bSpringer
260 _bSpringer
260 _c2018
856 _uhttps://link.springer.com/openurl?genre=book&isbn=978-981-10-7528-5
942 _cEBOOK
999 _c1629316
_d1629316